Uusi Päivä -sarjan hahmot - Statistics

Yleistilastot
  • Tätä visaa on pelattu 305 kertaa
    303 viimeisimmän päivityksen jälkeen
  • Keskiarvotulos 42 / 72
Vastaustilastot
Hint Vastaus % Oikein
- Asko Haavisto
99%
- Vilma Haavisto
99%
- Aino Haavisto
96%
- Ensio Haavisto
96%
- Minna Haavisto
96%
- Osku Haavisto
96%
- Tuija Haavisto
96%
- Otso Karhu
92%
- Tomi Karhu
91%
- Tero Kuusla
91%
- Marika Ruuskanen-Kuusla
90%
- Pentti Ruuskanen
85%
- Aleksi Ruuskanen
84%
Elina Haavisto
83%
- Jani Hellemaa
83%
- Lauri Kallio
82%
- Väinö Haavisto
82%
- Lisbeth "Lissu" Kanerva
81%
- Krista Kortelainen
81%
- Iris Rainio
80%
- Karri Palomäki
78%
- Saku Rainio
78%
- Eevert "Eppu" Palomäki
74%
- Oula Haavisto
74%
- Roni Sirén
73%
- Emmi Lukkari
72%
- Niklas Järvelä
71%
- Iiro Rainio
70%
- Anni Malinen
67%
- Pyry Helminen
65%
- Sakari Määttä
65%
- Aava Helminen
64%
- Kaisla Helminen
64%
- Mirja Mäkimaa
64%
- Maija Helminen
63%
- Joonas "Jimi" Aro
63%
- Sonja Ollila
63%
- Cicca Kallas
62%
- Maria Nikko
61%
- Peetu Määttä
61%
- Reino Tuominen
60%
- Rasmus Nikko
57%
- Nanna Summanen
56%
- Päivikki Summanen
56%
- Raimo "Kukko" Koistinen
56%
- Aapo Rönkkö
54%
- Veeti Susimaa
54%
- Stella Kuparinen
53%
- Henrik Paltamo
51%
- Petra Kaakko
51%
- Jukka Hiltunen
46%
- Lenni Morris
46%
- Silja Ollila
44%
- Jaana Jokela
36%
- Pirkko Kujala
35%
- Irmeli Laakso
34%
- Titus Koistinen
32%
- Sara Erkkilä
29%
- Lotta Sund
28%
- Hannupekka "HP" Latvala
26%
- Hilkka Ranta
26%
- Topi Kunnas
20%
- Antti Salminen
19%
- Azad Sorani
19%
- Irma Alajoki
19%
- Tiia Friman
19%
- Teppo Martonen
17%
- Mirkku Virkkunen
16%
- Ilari Larsson
14%
- Terhi Sillanpää
13%
- Vesa Kelo
11%
- Marju Lehtinen
6%
Ehtoja vastaavia visoja ei löytynyt
Tulosjakauma
Jokaisen tuloksen saaneiden osuus
Persentiili vastausten määrän mukaan
Tuloshistoriasi
Et ole pelannut tätä visaa sen viimeisimmän päivityksen jälkeen